LEADER 01694nam a2200325 u 4500 001 000000091959 003 CaOOAMICUS 005 20070226124903.0 008 060330s1977 gw u000 u ger u 035 $a11083993 040 $aPUL(R)$bita 041 0 $alat$ager 100 0 $aTheodoricus Teutonicus,$cO.P., maestro di Freiberg (Sassonia),$df. 1300.$0(OLS)http://pul/name/51521 240 10$aGruppi scelte$9(Theodoricus Teutonicus, O.P., Maestro di Freiberg (Sassonia), f. 1300).$0(OLS)http://pul/title/104636 245 10$aSchriften zur Intellekttheorie /$cDietrich von Freiberg ; mit einer Einleitung von Kurt Flasch ; hrsg. von Burkhard Mojsisch. 260 $aHamburg :$bMeiner,$c1977. 300 $ali, 216 p. ;$c25 cm 490 1 $aDietrich von Freiberg opera omnia ;$v1 500 $aContiene indice. 500 $aBibliografia in nota. 650 4$aFilosofia della natura.$0(OLS)http://pul/subject/8566 650 4$aTeologia.$0(OLS)http://pul/subject/118 700 1 $aMojsisch, Burkhard.$0(OLS)http://pul/name/583 700 1 $aFlasch, Kurt.$0(OLS)http://pul/name/3852 800 0 $aTheodoricus Teutonicus,$cO.P., maestro di Freiberg (Sassonia),$df. 1300.$tOpera omnia$9(Theodoricus Teutonicus, O.P., Maestro di Freiberg (Sassonia), f. 1300)$lTedesco ;$v1.$0(OLS)http://pul/nameTitle/246$0(OLS)http://pul/name/53235$0(OLS)http://pul/title/118705 850 $aPUL 852 $aPUL$W1$xDP1 Fondo Seidl$y56$m3 C 49$j115127$nBK-PRI$b $qFondi$B115734$CPULBib$Z2$F115734 $H $81 941 1 $a1 996 $6245$aSchriften zur Intellekttheorie$9(OLS)http://pul/title/118704 996 $6260$aHamburg :$bMeiner$9(OLS)http://pul/publisher/48261 LEADER 01588namaa2200361 i 4500 001 000000177354 003 CaOOAMICUS 005 20241003153714.0 008 241003s2023 it 001 u ita r 020 $a978-88-288-4999-5* 032 $aLibriCat 040 $aPUL$bita 082 04$a346.45012 100 1 $aMazzotta, Oronzo,$d1949-,$eautore.$0(OLS)http://pul/name/87155 245 12$aL'estinzione del rapporto di lavoro :$b[Artt. 2118-2119 e 2121] /$cOronzo Mazzotta. 260 $aMilano :$bGiuffrè,$c©2023. 300 $aXXVII, 361 pagine ;$c25 cm. 336 $atesto$btxt$2rdacontent 337 $asenza mediazione$bn$2rdamedia 338 $avolume$bnc$2rdacarrier 490 1 $aIl Codice civile.$aCommentario$aArtt. 2118-2119 e 2121 504 $aBibliografia in nota. 650 4$aLicenziamento$xLegislazione$zItalia.$0(OLS)http://pul/subject/46897 650 4$aCodice civile$zItalia$xCommenti.$0(OLS)http://pul/subject/33992 830 3$aIl Codice civile.$pCommentario ;$vArtt. 2118-2119 e 2121.$0(OLS)http://pul/title/53143 850 $aPUL 852 $aPUL$W1$xSL Diritto e Scienze Sociali 3$y79$m300 A 1.2118$j201310$qDDC 21$B206306$CPULBib$Z2$F206306 $H137436 $82 941 1 $a9 996 $6020$a978-88-288-4999-5*$9(OLS)http://pul/number/170056 996 $6082$a346.45012$9(OLS)http://pul/classification/2538 996 $6245$aL'estinzione del rapporto di lavoro :$b[Artt. 2118-2119 e 2121]$9(OLS)http://pul/title/218862 996 $6260$aMilano :$bGiuffrè$9(OLS)http://pul/publisher/48401